000 01549nam a2200433 c 4500
003 BLK
005 20240311145639.0
008 180410b bul|||||r ||||||| ||bul||
010 _aKNG00167241000
020 _a978-954-8633-42-0
_bиздат.: Gaiana Book Art Studio
040 _aBLK
041 _aBUL
_cBUL
072 7 _2bullib
_aК
_xКраезнание
072 7 _2bullib
_aН93
_xКраезнание - отраслова литература Н
080 _aКраезнание
_b908
_x(497.21-22)
_z908(497.21-22)
100 1 _aКалинов, Илия
_eпърви автор
_9330724
139 _aКалинов, Илия
_bК 16
245 1 0 _aСело Екзарх Йосиф
_bИст. очерк
_cИлия Калинов.
257 _aBGR
260 Русе
_bGaiana Book Art Studio
_c2014
300 _a284 с.
_bсъс сн., факс., 7 л. : цв. сн.
_c21 см
380 _a9
500 _aСъдържа и Автобиография.
650 4 _aСела - България - история
_9243048
651 4 _aЕкзарх Йосиф
_9178872
651 4 _aРусенско
_9179464
651 4 _aБългария
_9241624
653 _aЕкзарх Йосиф
653 _aсела
653 _aистория
659 _aК
659 _aН
852 _aЦб 271496
856 4 _qpdf
_u
856 4 _qpdf
_u
942 _cKNG
_n0
_04
944 _aCR
_c13.11.2014
_lХристина Везирева
_k30535
944 _aED
_c24.02.2015
_lф /
_kЛюдмила_Стоянова
999 _c160039
_d160039